| 000 | 02272cam a2200385 4500500 | ||
|---|---|---|---|
| 005 | 20260111084356.0 | ||
| 041 | _afre | ||
| 042 | _adc | ||
| 100 | 1 | 0 |
_aVitel, Samuel _eauthor |
| 245 | 0 | 0 | _aLa réhabilitation de l’idéalisme à Pittsburgh |
| 260 | _c2025. | ||
| 500 | _a62 | ||
| 520 | _aCet article examine l’École de Pittsburgh, principalement représentée par les travaux de Robert Brandom et John McDowell, en soutenant que leurs projets philosophiques constituent collectivement une résurgence contemporaine de l’idéalisme postkantien, notamment dans sa version hégélienne. Contre le « mythe du donné », ils affirment que la véritable connaissance exige une médiation conceptuelle, tout en résistant au « scepticisme de la médiation », souvent présentée comme la conséquence d’une telle affirmation. L’idéalisme n’est plus vu comme antithétique au réalisme, mais représente ce qui peut rendre le réalisme intelligible. | ||
| 520 | _aThis article examines the « Pittsburgh School », primarily represented by the work of Robert Brandom and John McDowell, arguing that their philosophical endeavours constitute a contemporary resurgence of post-Kantian idealism, notably in its Hegelian form. Against the « myth of the Given », they affirm that genuine knowledge requires conceptual mediation but resist the « mediation scepticism » that is often taken to follow from such a position. Idealism is no longer seen as antithetical to realism but rather becomes that which makes the latter intelligible. | ||
| 690 | _aÉcole de Pittsburgh | ||
| 690 | _aHegel | ||
| 690 | _aidéalisme | ||
| 690 | _aintentionnalité | ||
| 690 | _aJohn McDowell | ||
| 690 | _aKant | ||
| 690 | _anormativité | ||
| 690 | _aobjectivité | ||
| 690 | _aRobert Brandom | ||
| 690 | _aHegel | ||
| 690 | _aidealism | ||
| 690 | _aintentionality | ||
| 690 | _aJohn McDowell | ||
| 690 | _aKant | ||
| 690 | _anormativity | ||
| 690 | _aobjectivity | ||
| 690 | _aPittsburgh School | ||
| 690 | _aRobert Brandom | ||
| 786 | 0 | _nArchives de philosophie | 89 | 1 | 2025-12-30 | p. 109-127 | 0003-9632 | |
| 856 | 4 | 1 | _uhttps://shs.cairn.info/revue-archives-de-philosophie-2026-1-page-109?lang=fr&redirect-ssocas=7080 |
| 999 |
_c1617517 _d1617517 |
||